Collapse of apartheid and the dawn of democracy in South Africa, 1993 / (Record no. 7376)
[ view plain ]
| 000 -LEADER | |
|---|---|
| fixed length control field | 02138cam a2200481 i 4500 |
| 001 - CONTROL NUMBER | |
| control field | ocn960278803 |
| 003 - CONTROL NUMBER IDENTIFIER | |
| control field | TZ-ArACH |
| 005 - DATE AND TIME OF LATEST TRANSACTION | |
| control field | 20241125160634.0 |
| 008 - FIXED-LENGTH DATA ELEMENTS--GENERAL INFORMATION | |
| fixed length control field | 220701t20172017nyu b 000 0 eng d |
| 010 ## - LIBRARY OF CONGRESS CONTROL NUMBER | |
| LC control number | 2017300988 |
| 020 ## - INTERNATIONAL STANDARD BOOK NUMBER | |
| International Standard Book Number | 1469633167 |
| 020 ## - INTERNATIONAL STANDARD BOOK NUMBER | |
| International Standard Book Number | 9781469633169 |
| Qualifying information | (pbk. ; |
| -- | alk. paper) |
| 035 ## - SYSTEM CONTROL NUMBER | |
| System control number | (OCoLC)960278803 |
| 040 ## - CATALOGING SOURCE | |
| Original cataloging agency | YDX |
| Language of cataloging | eng |
| Description conventions | rda |
| Transcribing agency | TZ-ArACH |
| 042 ## - AUTHENTICATION CODE | |
| Authentication code | lccopycat |
| 043 ## - GEOGRAPHIC AREA CODE | |
| Geographic area code | f-sa--- |
| 049 ## - LOCAL HOLDINGS (OCLC) | |
| Holding library | TZAA |
| 050 00 - LIBRARY OF CONGRESS CALL NUMBER | |
| Classification number | DT1757 |
| Item number | .E33 2017 |
| 100 1# - MAIN ENTRY--PERSONAL NAME | |
| Personal name | Eby, John C. |
| Fuller form of name | (John Christopher), |
| Dates associated with a name | 1966- |
| Relator term | author. |
| 245 14 - TITLE STATEMENT | |
| Title | Collapse of apartheid and the dawn of democracy in South Africa, 1993 / |
| Statement of responsibility, etc | John C. Eby and Fred Morton. |
| 260 ## - PUBLICATION, DISTRIBUTION, ETC. (IMPRINT) | |
| Place of publication, distribution, etc | [New York, NY] : |
| Name of publisher, distributor, etc | Reacting Consortium Press: |
| Date of publication, distribution, etc | 2017. |
| 300 ## - PHYSICAL DESCRIPTION | |
| Extent | 183 pages ; |
| Dimensions | 26 cm |
| 504 ## - BIBLIOGRAPHY, ETC. NOTE | |
| Bibliography, etc | Includes bibliographical references (pages 179-182). |
| 505 00 - FORMATTED CONTENTS NOTE | |
| Miscellaneous information | Introduction -- |
| Title | Historical background -- |
| -- | The game -- |
| -- | Roles and factions -- |
| -- | Core texts and supplemental readings. |
| 520 ## - SUMMARY, ETC. | |
| Summary, etc | A reacting role-playing game in which participants assume roles in the 1993 Multi-Party Negotiating Process (MPNP) at the World Trade Centre in Johannesburg. In their roles, participants seek to navigate complex political relationships, a troubling history, and often dissonant goals and concerns to build a constitution for a post-apartheid state. |
| 648 #7 - SUBJECT ADDED ENTRY--CHRONOLOGICAL TERM | |
| Chronological term | Since 1900 |
| Source of heading or term | fast |
| 650 #0 - SUBJECT ADDED ENTRY--TOPICAL TERM | |
| Topical term or geographic name as entry element | Apartheid |
| Geographic subdivision | South Africa |
| General subdivision | History |
| Chronological subdivision | 20th century. |
| 650 #0 - SUBJECT ADDED ENTRY--TOPICAL TERM | |
| Topical term or geographic name as entry element | Post-apartheid era |
| Geographic subdivision | South Africa. |
| 650 #6 - SUBJECT ADDED ENTRY--TOPICAL TERM | |
| Topical term or geographic name as entry element | Apartheid |
| Geographic subdivision | Afrique du Sud |
| General subdivision | Histoire |
| Chronological subdivision | 20e si�ecle. |
| 650 #6 - SUBJECT ADDED ENTRY--TOPICAL TERM | |
| Topical term or geographic name as entry element | �Ere post-apartheid |
| Geographic subdivision | Afrique du Sud. |
| 650 #7 - SUBJECT ADDED ENTRY--TOPICAL TERM | |
| Topical term or geographic name as entry element | Apartheid |
| Source of heading or term | fast |
| 9 (RLIN) | 13334 |
| 650 #7 - SUBJECT ADDED ENTRY--TOPICAL TERM | |
| Topical term or geographic name as entry element | Politics and government |
| Source of heading or term | fast |
| 650 #7 - SUBJECT ADDED ENTRY--TOPICAL TERM | |
| Topical term or geographic name as entry element | Post-apartheid era |
| Source of heading or term | fast |
| 650 #7 - SUBJECT ADDED ENTRY--TOPICAL TERM | |
| Topical term or geographic name as entry element | Race relations |
| General subdivision | Political aspects |
| Source of heading or term | fast |
| 651 #0 - SUBJECT ADDED ENTRY--GEOGRAPHIC NAME | |
| Geographic name | South Africa |
| General subdivision | Politics and government |
| Chronological subdivision | 1994- |
| 651 #0 - SUBJECT ADDED ENTRY--GEOGRAPHIC NAME | |
| Geographic name | South Africa |
| General subdivision | Race relations |
| -- | Political aspects. |
| 651 #6 - SUBJECT ADDED ENTRY--GEOGRAPHIC NAME | |
| Geographic name | Afrique du Sud |
| General subdivision | Relations raciales |
| -- | Aspect politique. |
| 651 #7 - SUBJECT ADDED ENTRY--GEOGRAPHIC NAME | |
| Geographic name | South Africa |
| Source of heading or term | fast |
| 653 ## - INDEX TERM--UNCONTROLLED | |
| Uncontrolled term | Post-apartheid |
| 655 #7 - INDEX TERM--GENRE/FORM | |
| Genre/form data or focus term | History |
| Source of term | fast |
| 700 1# - ADDED ENTRY--PERSONAL NAME | |
| Personal name | Morton, Fred, |
| Dates associated with a name | 1939- |
| Relator term | author. |
| 942 ## - ADDED ENTRY ELEMENTS (KOHA) | |
| Source of classification or shelving scheme | Library of Congress Classification |
| Koha item type | Books |
| Home library | Current library | Date acquired | Full call number | Barcode | Koha item type |
|---|---|---|---|---|---|
| African Court on Human and Peoples' Rights Library | African Court on Human and Peoples' Rights Library | 25/11/2024 | DT1757 .E33 2017 | 10035974 | Books |
| African Court on Human and Peoples' Rights Library | African Court on Human and Peoples' Rights Library | 07/11/2025 | DT1757 .E33 2017 | 1003871X | Books |
